000 00983nam a2200253 i 4500
001 66606
003 ES-MaACL
005 20250902085359.0
007 t|
008 020408s2001 sp ||||0| spa d
020 _a84-89318-01-8
040 _aM-BN
_bspa
_cM-BN
080 _a94(460.152 B.)
100 1 _aCava, María Jesús.
_937133
245 1 0 _aBilbao, "de villa mercantil a metrópoli cultural" /
_cMaría Jesús Cava Mesa, Begoña Cava Mesa.
260 _aMadrid :
_bDelegación en Corte, Departamento de Publicaciones, Real Sociedad Bascongada de los Amigos del País,
_c2001.
300 _a60 p. :
_bil. ;
_c21 cm.
500 _aPrecede al tít.: Real Sociedad Bascongada de los Amigos del País = Euskalerriraren Adiskideen Elkarteak.
651 4 _aBilbao-
_xHistoria.
_97881
700 1 _aCava, Begoña.
_937131
710 2 _aReal Sociedad Bascongada de los Amigos del País
_96366
852 _aES-MaACL
_jL-27105
_bR.132618
999 _c66606
_d66606